| 000 | 00374nam a22001337a 4500 | ||
|---|---|---|---|
| 082 |
_a621.4022 _bKRE |
||
| 100 |
_aKreith, Frank _98928 |
||
| 245 | _aPrinciples of heat transfer. | ||
| 260 |
_aUSA _bInternational Textbook Company . Scranton |
||
| 300 |
_axiii, 553 p. : _bill. : _c8 Cm |
||
| 526 |
_a0 _b0 _c0 _d621_402200000000000_KRE |
||
| 650 |
_aMCE _9379 |
||
| 942 |
_2ddc _cBK |
||
| 999 |
_c545822 _d545822 |
||